Sports Quiz

Random Sports or Hockey Quiz
Score 0/8 Timer 04:00
0 Plays Today
Hint Name % Correct
Wn GrtzkWayne Gretzky
100%
Bbb HllBobby Hull
89.5%
Jrm RnckJeremy Roenick
82.5%
Kth TkchkKeith Tkachuk
78.9%
Dl HwrchkDale Hawerchuk
78.9%
Shn DnShane Doan
78.9%
Thms StnThomas Steen
71.9%
Tpp NmmnnTeppo Numminen
66.7%
Come Together.
Have Fun.
All Virtual.
We all need to come together. Play Sporcle's virtual live trivia to have fun, connect with people, and get your trivia on. Join a live hosted trivia game for your favorite pub trivia experience done virtually. If a virtual private party is more your thing, go here for details.

You're not logged in!

Compare scores with friends on all Sporcle quizzes.
OR
Log In

Sporcle TV

Today on Sporcle TV


Watch our educational content, quiz creation guides, and fun videos on Sporcle TV.

Show Comments

Extras

Top Quizzes Today


Score Distribution

Paid Content

Your Account Isn't Verified!

In order to create a playlist on Sporcle, you need to verify the email address you used during registration. Go to your Sporcle Settings to finish the process.

Report this User

Report this user for behavior that violates our Community Guidelines.

Details: